<?xml version="1.0" encoding="UTF-8"?>
<collection xmlns="http://www.loc.gov/MARC21/slim">
 <record>
  <leader>05355cam a2200769 c 4500</leader>
  <controlfield tag="001">871414015</controlfield>
  <controlfield tag="003">DE-627</controlfield>
  <controlfield tag="005">20260618001603.0</controlfield>
  <controlfield tag="007">tu</controlfield>
  <controlfield tag="008">161029s2016    fr ||||| c    00| ||fre c</controlfield>
  <datafield tag="020" ind1=" " ind2=" ">
   <subfield code="a">9782072692734</subfield>
   <subfield code="9">978-2-07-269273-4</subfield>
  </datafield>
  <datafield tag="024" ind1="3" ind2=" ">
   <subfield code="a">9782072692734</subfield>
  </datafield>
  <datafield tag="035" ind1=" " ind2=" ">
   <subfield code="a">(DE-627)871414015</subfield>
  </datafield>
  <datafield tag="035" ind1=" " ind2=" ">
   <subfield code="a">(DE-576)478698232</subfield>
  </datafield>
  <datafield tag="035" ind1=" " ind2=" ">
   <subfield code="a">(DE-599)BSZ478698232</subfield>
  </datafield>
  <datafield tag="035" ind1=" " ind2=" ">
   <subfield code="a">(OCoLC)1075535335</subfield>
  </datafield>
  <datafield tag="035" ind1=" " ind2=" ">
   <subfield code="a">(OCoLC)962111366</subfield>
  </datafield>
  <datafield tag="035" ind1=" " ind2=" ">
   <subfield code="a">(ZDB-21-EIL)3180728</subfield>
  </datafield>
  <datafield tag="040" ind1=" " ind2=" ">
   <subfield code="a">DE-627</subfield>
   <subfield code="b">ger</subfield>
   <subfield code="c">DE-627</subfield>
   <subfield code="e">rda</subfield>
  </datafield>
  <datafield tag="041" ind1=" " ind2=" ">
   <subfield code="a">fre</subfield>
  </datafield>
  <datafield tag="044" ind1=" " ind2=" ">
   <subfield code="c">XA-FR</subfield>
  </datafield>
  <datafield tag="050" ind1=" " ind2="0">
   <subfield code="a">ND</subfield>
  </datafield>
  <datafield tag="082" ind1="0" ind2=" ">
   <subfield code="a">759</subfield>
   <subfield code="2">14</subfield>
  </datafield>
  <datafield tag="084" ind1=" " ind2=" ">
   <subfield code="a">9,10</subfield>
   <subfield code="2">ssgn</subfield>
  </datafield>
  <datafield tag="084" ind1=" " ind2=" ">
   <subfield code="a">LH 29912</subfield>
   <subfield code="q">BVB</subfield>
   <subfield code="2">rvk</subfield>
   <subfield code="0">(DE-625)rvk/92920:</subfield>
  </datafield>
  <datafield tag="084" ind1=" " ind2=" ">
   <subfield code="a">20.00</subfield>
   <subfield code="2">bkl</subfield>
  </datafield>
  <datafield tag="245" ind1="0" ind2="0">
   <subfield code="a">Icônes de l'art moderne</subfield>
   <subfield code="b">la collection Chtchoukine : catalogue de l'exposition : Fondation Louis Vuitton 22 octobre 2016-20 février 2017</subfield>
   <subfield code="c">Fondation Louis Vuitton, Musée d'etat de l'Ermitage, Musée d'etats des beaux arts Pouchkine$hsous la direction d'Anne Baldassari</subfield>
  </datafield>
  <datafield tag="264" ind1=" " ind2="1">
   <subfield code="a">[Paris]</subfield>
   <subfield code="b">Gallimard</subfield>
   <subfield code="c">[2016]</subfield>
  </datafield>
  <datafield tag="300" ind1=" " ind2=" ">
   <subfield code="a">478 Seiten</subfield>
   <subfield code="b">ill. (some col.)</subfield>
   <subfield code="c">300 x 280 mm</subfield>
  </datafield>
  <datafield tag="336" ind1=" " ind2=" ">
   <subfield code="a">unbewegtes Bild</subfield>
   <subfield code="b">sti</subfield>
   <subfield code="2">rdacontent</subfield>
  </datafield>
  <datafield tag="336" ind1=" " ind2=" ">
   <subfield code="a">Text</subfield>
   <subfield code="b">txt</subfield>
   <subfield code="2">rdacontent</subfield>
  </datafield>
  <datafield tag="337" ind1=" " ind2=" ">
   <subfield code="a">ohne Hilfsmittel zu benutzen</subfield>
   <subfield code="b">n</subfield>
   <subfield code="2">rdamedia</subfield>
  </datafield>
  <datafield tag="338" ind1=" " ind2=" ">
   <subfield code="a">Band</subfield>
   <subfield code="b">nc</subfield>
   <subfield code="2">rdacarrier</subfield>
  </datafield>
  <datafield tag="500" ind1=" " ind2=" ">
   <subfield code="a">Exposition &quot;Icônes de l’art moderne. La collection Chtchoukine&quot; du 22 octobre 2016 au 20 février 2017, Fondation Louis Vuitton à Paris</subfield>
  </datafield>
  <datafield tag="520" ind1=" " ind2=" ">
   <subfield code="a">L’exposition inédite organisée par la Fondation Louis Vuitton réunit un ensemble de cent trente chefs-d’œuvre parmi les plus emblématiques de la collection Sergueï I. Chtchoukine, créée à Moscou par le grand mécène russe. Depuis Le Déjeuner sur l’herbe (1866) de Claude Monet, le hiératique Mardi gras (1888-1890) de Paul Cézanne, l’odalisque tahitienne Eh quoi, tu es jalouse? (1892) de Paul Gauguin, le panneau luminescent de L’Atelier du peintre (1911) de Henri Matisse, pour se conclure sur les Trois femmes (1908) et les papiers collés de Compotier, grappe de raisin, poire coupée (1914) de Pablo Picasso, la magnificence de la collection Chtchoukine trouve pleinement à s’exposer ici. Élargie à un ensemble d’une trentaine d’œuvres majeures des avant-gardes russes, dont Contre-relief (1916) de Vladimir Tatline, la Ligne verte (1917) d’Olga Rozanova, ou la table monochrome du Carré noir (1929) de Kazimir Malévitch, l'exposition «Icônes de l’art moderne» porte à l’extrême l’amplitude de ce parcours de la création aux XIXe et XXe siècles. La présentation de ces œuvres d’exception, formant le creuset sensible de notre regard commun, constitue une exemplaire «leçon de peinture».</subfield>
  </datafield>
  <datafield tag="583" ind1="1" ind2=" ">
   <subfield code="a">Archivierung/Langzeitarchivierung gewährleistet</subfield>
   <subfield code="f">SSG</subfield>
   <subfield code="x">XA-DE-BW</subfield>
   <subfield code="2">pdager</subfield>
   <subfield code="5">DE-16</subfield>
  </datafield>
  <datafield tag="655" ind1=" " ind2="7">
   <subfield code="a">Ausstellungskatalog</subfield>
   <subfield code="0">(DE-588)4135467-9</subfield>
   <subfield code="0">(DE-627)10566491X</subfield>
   <subfield code="0">(DE-576)209660988</subfield>
   <subfield code="2">gnd-content</subfield>
  </datafield>
  <datafield tag="655" ind1=" " ind2="7">
   <subfield code="a">Ausstellungskatalog</subfield>
   <subfield code="x">Fondation Louis Vuitton</subfield>
   <subfield code="y">22.10.2016-20.02.2017</subfield>
   <subfield code="z">Paris</subfield>
   <subfield code="0">(DE-588)4135467-9</subfield>
   <subfield code="0">(DE-627)10566491X</subfield>
   <subfield code="0">(DE-576)209660988</subfield>
   <subfield code="2">gnd-content</subfield>
  </datafield>
  <datafield tag="655" ind1=" " ind2="7">
   <subfield code="a">Bildband</subfield>
   <subfield code="0">(DE-588)4145395-5</subfield>
   <subfield code="0">(DE-627)104450835</subfield>
   <subfield code="0">(DE-576)209741139</subfield>
   <subfield code="2">gnd-content</subfield>
  </datafield>
  <datafield tag="689" ind1="0" ind2="0">
   <subfield code="d">u</subfield>
   <subfield code="0">(DE-588)1140252046</subfield>
   <subfield code="0">(DE-627)898425026</subfield>
   <subfield code="0">(DE-576)493745610</subfield>
   <subfield code="a">Sammlung Ščukin</subfield>
   <subfield code="2">gnd</subfield>
  </datafield>
  <datafield tag="689" ind1="0" ind2="1">
   <subfield code="a">z</subfield>
   <subfield code="2">gnd</subfield>
   <subfield code="a">Geschichte 1860-1930</subfield>
  </datafield>
  <datafield tag="689" ind1="0" ind2=" ">
   <subfield code="5">DE-101</subfield>
  </datafield>
  <datafield tag="689" ind1="1" ind2="0">
   <subfield code="d">u</subfield>
   <subfield code="0">(DE-588)1140252046</subfield>
   <subfield code="0">(DE-627)898425026</subfield>
   <subfield code="0">(DE-576)493745610</subfield>
   <subfield code="a">Sammlung Ščukin</subfield>
   <subfield code="2">gnd</subfield>
  </datafield>
  <datafield tag="689" ind1="1" ind2="1">
   <subfield code="d">g</subfield>
   <subfield code="0">(DE-588)4018145-5</subfield>
   <subfield code="0">(DE-627)106327232</subfield>
   <subfield code="0">(DE-576)208922857</subfield>
   <subfield code="a">Frankreich</subfield>
   <subfield code="2">gnd</subfield>
  </datafield>
  <datafield tag="689" ind1="1" ind2="2">
   <subfield code="d">s</subfield>
   <subfield code="0">(DE-588)4114333-4</subfield>
   <subfield code="0">(DE-627)105822957</subfield>
   <subfield code="0">(DE-576)209483733</subfield>
   <subfield code="a">Kunst</subfield>
   <subfield code="2">gnd</subfield>
  </datafield>
  <datafield tag="689" ind1="1" ind2="3">
   <subfield code="a">z</subfield>
   <subfield code="2">gnd</subfield>
   <subfield code="a">Geschichte 1860-1930</subfield>
  </datafield>
  <datafield tag="689" ind1="1" ind2=" ">
   <subfield code="5">(DE-627)</subfield>
  </datafield>
  <datafield tag="700" ind1="1" ind2=" ">
   <subfield code="a">Baldassari, Anne</subfield>
   <subfield code="d">1955-</subfield>
   <subfield code="e">HerausgeberIn</subfield>
   <subfield code="0">(DE-588)115531165</subfield>
   <subfield code="0">(DE-627)557946913</subfield>
   <subfield code="0">(DE-576)165373253</subfield>
   <subfield code="4">edt</subfield>
  </datafield>
  <datafield tag="700" ind1="1" ind2=" ">
   <subfield code="a">Ščukin, Sergej I.</subfield>
   <subfield code="d">1854-1936</subfield>
   <subfield code="e">Sonstige Person, Familie und Körperschaft</subfield>
   <subfield code="0">(DE-588)11915112X</subfield>
   <subfield code="0">(DE-627)07994664X</subfield>
   <subfield code="0">(DE-576)211409324</subfield>
   <subfield code="4">oth</subfield>
  </datafield>
  <datafield tag="710" ind1="2" ind2=" ">
   <subfield code="a">Fondation Louis Vuitton</subfield>
   <subfield code="e">VeranstalterIn</subfield>
   <subfield code="0">(DE-588)1063923867</subfield>
   <subfield code="0">(DE-627)812714202</subfield>
   <subfield code="0">(DE-576)423476874</subfield>
   <subfield code="4">orm</subfield>
   <subfield code="4">his</subfield>
  </datafield>
  <datafield tag="710" ind1="2" ind2=" ">
   <subfield code="a">Gosudarstvennyj Ėrmitaž</subfield>
   <subfield code="e">VeranstalterIn</subfield>
   <subfield code="0">(DE-588)2124053-X</subfield>
   <subfield code="0">(DE-627)101784694</subfield>
   <subfield code="0">(DE-576)194196879</subfield>
   <subfield code="4">orm</subfield>
  </datafield>
  <datafield tag="710" ind1="2" ind2=" ">
   <subfield code="a">Gosudarstvennyj muzej izobrazitelʹnych iskusstv imeni A.S. Puškina</subfield>
   <subfield code="e">VeranstalterIn</subfield>
   <subfield code="0">(DE-588)2000043-1</subfield>
   <subfield code="0">(DE-627)101330316</subfield>
   <subfield code="0">(DE-576)191563145</subfield>
   <subfield code="4">orm</subfield>
  </datafield>
  <datafield tag="775" ind1="0" ind2="8">
   <subfield code="i">Parallele Sprachausgabe</subfield>
   <subfield code="n">englisch</subfield>
   <subfield code="t">!876005237!</subfield>
  </datafield>
  <datafield tag="787" ind1="0" ind2="8">
   <subfield code="i">Rezensiert in</subfield>
   <subfield code="a">Kozhanova, Meruert, 1986 - </subfield>
   <subfield code="t">[Rezension von: Anne Baldassari, Icônes de l'Art Moderne. La collection Chtchoukine]</subfield>
   <subfield code="d">2018</subfield>
   <subfield code="w">(DE-627)1878490664</subfield>
  </datafield>
  <datafield tag="856" ind1="4" ind2="2">
   <subfield code="u">https://swbplus.bsz-bw.de/bsz478698232inh.htm</subfield>
   <subfield code="m">B:DE-576;DE-16</subfield>
   <subfield code="q">application/pdf</subfield>
   <subfield code="v">20161216120521</subfield>
   <subfield code="x">Verlag</subfield>
   <subfield code="3">Inhaltsverzeichnis</subfield>
   <subfield code="7">1</subfield>
  </datafield>
  <datafield tag="935" ind1=" " ind2=" ">
   <subfield code="i">Blocktest</subfield>
  </datafield>
  <datafield tag="936" ind1="r" ind2="v">
   <subfield code="a">LH 29912</subfield>
   <subfield code="b">Privatsammlungen</subfield>
   <subfield code="k">Kunstgeschichte</subfield>
   <subfield code="k">Allgemeines. Allgemeine Kunstgeschichte</subfield>
   <subfield code="k">Museumskunde. Museumskataloge</subfield>
   <subfield code="k">Privatsammlungen</subfield>
   <subfield code="0">(DE-627)127069927X</subfield>
   <subfield code="0">(DE-625)rvk/92920:</subfield>
   <subfield code="0">(DE-576)20069927X</subfield>
  </datafield>
  <datafield tag="936" ind1="b" ind2="k">
   <subfield code="a">20.00</subfield>
   <subfield code="j">Kunstwissenschaften: Allgemeines</subfield>
   <subfield code="0">(DE-627)106406493</subfield>
  </datafield>
  <datafield tag="951" ind1=" " ind2=" ">
   <subfield code="a">BO</subfield>
  </datafield>
  <datafield tag="990" ind1=" " ind2=" ">
   <subfield code="a">Sammlung Ščukin</subfield>
  </datafield>
  <datafield tag="990" ind1=" " ind2=" ">
   <subfield code="a">Geschichte 1860-1930</subfield>
  </datafield>
  <datafield tag="990" ind1=" " ind2=" ">
   <subfield code="a">Sammlung Ščukin</subfield>
  </datafield>
  <datafield tag="990" ind1=" " ind2=" ">
   <subfield code="a">Frankreich</subfield>
  </datafield>
  <datafield tag="990" ind1=" " ind2=" ">
   <subfield code="a">Kunst</subfield>
  </datafield>
  <datafield tag="990" ind1=" " ind2=" ">
   <subfield code="a">Geschichte 1860-1930</subfield>
  </datafield>
  <datafield tag="991" ind1=" " ind2=" ">
   <subfield code="a">Rezensiertes Werk</subfield>
  </datafield>
  <datafield tag="999" ind1=" " ind2=" ">
   <subfield code="a">KXP-PPN871414015</subfield>
   <subfield code="e">4966465737</subfield>
  </datafield>
 </record>
</collection>
